| 000 | 00399nam a2200157Ia 4500 | ||
|---|---|---|---|
| 008 | 210716s2010 xx 000 0 und d | ||
| 020 | _a9788122420517 | ||
| 041 | _aeng | ||
| 082 | _a570.15195 AROP | ||
| 100 | _aAnnadurai, B. | ||
| 245 | _aTextbook of biostatistics. | ||
| 250 | _a1 | ||
| 260 |
_aNew Delhi _bNew Age International Pvt Ltd _c2010 |
||
| 300 | _axxi,368 | ||
| 650 | _aBiostatistics | ||
| 999 |
_c192023 _d192023 |
||